000 01000nam a2200289 i 4500
001 11631
003 ES-MaACL
005 20240326131458.0
007 t|
008 960726m19791982sp ||||1| spa d
020 _a84-00-04403-7
020 _a84-00-04865-2
020 _a84-00-05178-5
080 _a929.6
100 1 _aAlonso de Cadenas y López, Ampelio.
_920284
245 1 0 _aBlasonario de la consanguinidad ibérica /
_cAmpelio Alonso de Cadenas López, Vicente de Cadenas y Vicent, Liliana Ruiz Carrasco.
260 _aMadrid :
_bHidalguía,
_c1979-1982.
300 _a3 v. :
_bil. ;
_c17 cm.
500 _aPrecede al tit. Instituto Salazar y Castro (C.S.I.C.)
505 8 _aContiene: 1979 (2ª ed.) -- 1980 -- 1981
650 1 7 _aHeráldica
_2embne
_9235652
700 1 _aCadenas y Vicent, Vicente de.
_933391
700 1 _aRuiz Carrasco, Liliana.
_9100692
710 2 _aInstituto Salazar y Castro.
_95230
852 _aES-MaACL
_jG-1659-61
_bR.111059
999 _c11631
_d11631